La materia : Átomos y moléculas.
Guardado en:
| Formato: | |
|---|---|
| Materias: | |
| Etiquetas: |
Agregar Etiqueta
Sin Etiquetas, Sea el primero en etiquetar este registro!
|
| LEADER | 00838ngm a22002535g 4500 | ||
|---|---|---|---|
| 001 | CEM.cems021992 | ||
| 008 | 130507b1993##################0###0#####d | ||
| 005 | 20240924155732.0 | ||
| 245 | 0 | 0 | |a La materia : |b Átomos y moléculas. |
| 300 | |a 23'. | ||
| 500 | |a En soporte VHS, consultar en ventanilla. | ||
| 505 | 0 | |a Moléculas en movimiento. Átomos y moléculas. Energía atómica. Estados de la materia. Cambios químicos. | |
| 538 | |a Soporte: VHS - Norma: Pal N - Color - Grabación DRD 1993 - Hitachi=5114 | ||
| 082 | 5 | 4 | |. 2/QUI |
| 653 | |a QUIMICA | ||
| 653 | |a MATERIA | ||
| 653 | |a ATOMO | ||
| 653 | |a MOLECULA | ||
| 653 | |a ENERGIA ATOMICA | ||
| 653 | |a ENERGIA | ||
| 653 | |a CAMBIOS QUIMICOS | ||
| 653 | |a NIVEL PRIMARIO | ||
| 653 | |a NIVEL INICIAL | ||
| 859 | |a CEMS |b BIB. CEMS - Depto. Recursos Didacticos |h 541.2 |i QUI |k DRD |p 635.12 |t Ej.1 | ||
